Statystyki dla Owoce z rozsypanki literowej

Kliknij tutaj aby rozwiązać quiz!

Ogólne statystyki

  • Ten quiz został rozwiązany 180 razy
  • Średni wynik to 18 z 23

Statystyki odpowiedzi

HintOdpowiedź% Poprawnych
nanabbanan
99%
łabjokjabłko
98%
obrkówaborówka
97%
omangmango
97%
owoignnrowinogrono
96%
świniawiśnia
96%
nsaaanananas
93%
nażyjejeżyna
91%
zaburarbuz
90%
oajadgjagoda
87%
tgraangranat
85%
wśakilśliwka
83%
aaiuwżnrżurawina
81%
lamniamalina
79%
gertsaagrest
76%
zkusgargruszka
74%
krabizwinsobrzoskwinia
72%
akauwkrttruskawka
72%
raloemmorela
68%
aceezrinśzczereśnia
63%
iaranoaronia
48%
ipzmakoopoziomka
48%
mtoaagnnsmangostan
6%

Rozkład punktacji

Percentyl według liczby udzielonych odpowiedzi

Procent ludzi z każdym wynikiem

Twoja historia wyników

Nie rozwiązałeś tego quizu